000 005170000a22001810004500
090 _aAR
_b03366
245 1 0 _aPrimer conteo navideño de aves en Colombia
500 _a<Colección Aves>
650 1 4 _aOrnitología
_993189
650 1 4 _aAves
_992429
650 1 4 _aListas de aves
_996886
650 1 4 _aConteo de aves
_996985
651 4 _lSabana de Bogotá
_dCundinamarca
_pColombia
_992749
041 0 _aEspañol
100 1 _aStiles, F. Gary
_9877
942 _cARTICULO
773 1 _tRupicola
_31347
_h1-2
_q3-6
_d1988
_g8
999 _c12417
_d12417